000 00424nam a2200181Ia 4500
001 7298
005 20260306160445.0
008 260306t1997||||xx |||||||||||||| ||spa||
041 _aESP
082 _a338.5
_bJ14
100 _aJaén García, Manuel
_eAUT
245 0 _aEjercicios de microeconomía
260 _c1997
300 _a396 páginas :
_c24 cm.
650 _aGEN
654 _aCAN
942 _cLIB
_dJUS
_fJUS
_2ddc
_n
999 _c7298
_d7298